[Event "23rd OIBM 2019"]
[Site "Gmund am Tegernsee"]
[Date "2019.10.27"]
[Round "2.3"]
[White "Guttenthaler, Franz"]
[Black "Sethuraman, S.P."]
[Result "0-1"]
[WhiteElo "2328"]
[BlackElo "2624"]
[Annotator "TA"]
[PlyCount "96"]
[EventDate "2019.10.17"]
[EventType "swiss"]
[EventCountry "GER"]
[SourceTitle "playchess.com"]
[Source "ChessBase"]
[SourceQuality "1"]

{[%evp 17,96,36,36,19,85,49,84,23,94,53,64,75,71,80,77,77,72,24,58,16,20,16,21,16,17,0,12,-23,15,0,0,0,0,0,0,0,-2,-26,-39,-68,-79,-75,-78,-69,-72,-72,-75,-75,-72,-142,-121,-154,-158,-151,-115,-118,-125,-130,-116,-114,0,-104,-89,-107,-17,-108,-103,-85,0,0,0,-105,-101,-253,-246,-423,-415,-408,-407,-345,-231]} 1. d4 d6 2. c4 e5 3. Nc3 exd4 4. Qxd4 Nf6 5. b3 Nc6 6. Qd2 g6 7. Bb2 Bg7 8. g3 O-O 9. Bg2 Bf5 10. Nh3 {A21: English Opening: 1...e5 2 Nc3} Nh5 $146 (10... d5 $11) ({Predecessor:} 10... Re8 11. Nf4 Ne4 12. Nxe4 Bxe4 13. O-O Bxg2 14. Kxg2 Bxb2 15. Qxb2 Ne5 16. Rad1 Nd7 17. Nd5 {1-0 (43) David,A (2565)-Managadze,N (2459) Chalkida 2009}) 11. Nd5 Ne5 12. Ne3 (12. Nhf4 $16) 12... Be6 (12... Bh6 $11) 13. O-O a5 14. f4 Bxh3 15. Bxh3 Nd7 16. Bxg7 Nxg7 17. Nd5 f5 18. Bg2 Nc5 19. Nc3 c6 20. Kh1 Re8 21. Rab1 Qe7 22. Bf3 Rad8 23. Rfe1 Qe3 24. Qc2 Nge6 25. Nd1 Qd4 26. e3 Qd3 27. Qc1 {[#]} Nd4 $1 $36 {[%cal Rd4f3][%mdl 2624] Pin. Black has some pressure.} 28. Nb2 (28. exd4 Rxe1+) 28... Nxf3 29. Nxd3 Nxd3 30. Qc3 Nfxe1 31. Rxe1 Nxe1 32. Qxe1 $15 {[%mdl 4096] Endgame KQ-KRR} Rd7 33. Qxa5 (33. Kg2 $142) 33... Rxe3 $17 34. Qd2 Re4 35. Kg2 d5 36. cxd5 cxd5 37. Qc3 {Qc8+ is the strong threat.} Ree7 38. Qd4 Re4 39. Qc3 $1 {[%cal Rc3c8] aiming for Qc8+.} Re8 40. Qd4 h6 ({Better is} 40... Re2+ $17 41. Kh3 Rxa2) 41. h3 (41. Qf6 $11 {remains equal.} Kh7 42. g4 Re2+ 43. Kg3) 41... Kh7 42. g4 {[#]} Re4 (42... fxg4 $1 $17 43. hxg4 Re2+ 44. Kf3 Rxa2) 43. Qf6 $1 $11 Rxf4 44. Qe6 {[#]} (44. Kg3 $1 $11 {keeps the balance.} Re4 45. gxf5) 44... Rg7 $1 $17 {White must now prevent ...fxg4.} 45. Qxd5 $2 (45. Kg3 $17 Re4 46. Qxd5) 45... fxg4 $19 46. Kg3 $2 (46. hxg4 Rxg4+ 47. Kh2) 46... Rf5 47. Qe4 gxh3 48. Kxh3 b5 {Accuracy: White = 43%, Black = 53%.} 0-1

[Event "23rd OIBM 2019"]
[Site "Gmund am Tegernsee"]
[Date "2019.10.27"]
[Round "2.4"]
[White "Gareyev, Timur"]
[Black "Faerber, David"]
[Result "1-0"]
[WhiteElo "2591"]
[BlackElo "2332"]
[Annotator "ChessBase"]
[PlyCount "77"]
[EventDate "2019.10.17"]
[EventType "swiss"]
[EventCountry "GER"]
[SourceTitle "playchess.com"]
[Source "ChessBase"]
[SourceQuality "1"]
[TimeControl "40/5400+30:1800+30"]

1. Nf3 {[%emt 0:00:00]} d5 {[%emt 0:03:54]} 2. e3 {[%emt 0:00:01]} Nf6 {[%emt 0:00:46]} 3. c4 {[%emt 0:00:06]} c6 {[%emt 0:00:09]} 4. b3 {[%emt 0:01:56]} Bf5 {[%emt 0:03:29]} 5. Nh4 {[%emt 0:00:02]} Bg4 {[%emt 0:01:57]} 6. f3 {[%emt 0:00:20]} Bc8 {[%emt 0:04:26]} 7. f4 {[%emt 0:00:12]} g6 {[%emt 0:00:46]} 8. Bb2 {[%emt 0:00:14]} Bg7 {[%emt 0:00:16]} 9. Be2 {[%emt 0:00:36]} O-O {[%emt 0:03:56]} 10. O-O {[%emt 0:00:59]} b6 {[%emt 0:03:37]} 11. Nf3 {[%emt 0:07:33]} Bb7 {[%emt 0:01:39]} 12. Ne5 {[%emt 0:00:23]} Nbd7 {[%emt 0:06:12]} 13. Bf3 {[%emt 0:00:56]} Ne8 {[%emt 0:11:42]} 14. d4 {[%emt 0:02:00]} Nd6 {[%emt 0:11:05]} 15. Nc3 {[%emt 0:00:55]} Nf6 {[%emt 0:03:15]} 16. Qe2 {[%emt 0:04:18]} e6 {[%emt 0:07:44]} 17. Rad1 {[%emt 0:00:02]} Qc7 {[%emt 0:03:37]} 18. Rc1 {[%emt 0:02:22]} Qe7 {[%emt 0:08:03]} 19. Ba3 {[%emt 0:00:19]} Rfc8 {[%emt 0:00:47]} 20. Rfd1 {[%emt 0:01:04]} Qd8 {[%emt 0:03:25]} 21. g4 {[%emt 0:02:41]} Bf8 {[%emt 0:02:50]} 22. Bb2 {[%emt 0:04:18]} Qe7 {[%emt 0:02:12]} 23. Qg2 {[%emt 0:07:25]} Rd8 {[%emt 0:02:08]} 24. h4 {[%emt 0:01:24]} Rac8 {[%emt 0:00:53]} 25. h5 {[%emt 0:00:02]} Bg7 {[%emt 0:01:03]} 26. hxg6 {[%emt 0:01:03]} hxg6 {[%emt 0:00:28]} 27. Ba3 {[%emt 0:00:26]} Qe8 {[%emt 0:04:59]} 28. g5 {[%emt 0:04:31]} Nh7 {[%emt 0:01:24]} 29. Kf2 {[%emt 0:00:31]} Nf5 {[%emt 0:01:45]} 30. Rh1 {[%emt 0:01:48]} c5 {[%emt 0:00:52]} 31. Rh3 {[%emt 0:14:01]} cxd4 {[%emt 0:04:08]} 32. Rch1 {[%emt 0:00:01]} dxe3+ {[%emt 0:00:30]} 33. Kg1 {[%emt 0:01:50]} dxc4 {[%emt 0:00:28]} 34. Rxh7 {[%emt 0:00:41]} e2 {[%emt 0:01:05]} 35. Qxe2 {[%emt 0:00:48]} Bxf3 {[%emt 0:01:09]} 36. Qxf3 {[%emt 0:00:45]} cxb3 {[%emt 0:00:49]} 37. Qh3 {[%emt 0:00:19]} bxa2 {[%emt 0:00:25]} 38. Rxg7+ {[%emt 0:00:10]} Kxg7 {[%emt 0:00:09]} 39. Qh7# {[%emt 0:00:05]} 1-0

[Event "23rd OIBM 2019"]
[Site "Gmund am Tegernsee"]
[Date "2019.10.27"]
[Round "2.5"]
[White "Santagati, Alessandro"]
[Black "Azarov, Sergei"]
[Result "0-1"]
[WhiteElo "2288"]
[BlackElo "2586"]
[Annotator "ChessBase"]
[PlyCount "80"]
[EventDate "2019.10.17"]
[EventType "swiss"]
[EventCountry "GER"]
[SourceTitle "playchess.com"]
[Source "ChessBase"]
[SourceQuality "1"]
[TimeControl "40/5400+30:1800+30"]

1. d4 {[%emt 0:00:00]} Nf6 {[%emt 0:00:00]} 2. Bf4 {[%emt 0:00:00]} c5 {[%emt 0:00:06]} 3. e3 {[%emt 0:01:31]} Nd5 {[%emt 0:00:15]} 4. Bxb8 {[%emt 0:09:31]} Rxb8 {[%emt 0:00:13]} 5. e4 {[%emt 0:03:58]} Nf4 {[%emt 0:31:53]} 6. Qf3 {[%emt 0:18:40]} Ng6 {[%emt 0:01:21]} 7. dxc5 {[%emt 0:06:19]} e6 {[%emt 0:01:41]} 8. Qg3 {[%emt 0:05:32]} Ra8 {[%emt 0:00:32]} 9. h4 {[%emt 0:13:03]} h5 {[%emt 0:10:32]} 10. Nc3 {[%emt 0:07:34]} Bxc5 {[%emt 0:00:20]} 11. Nb5 {[%emt 0:02:40]} O-O {[%emt 0:04:03]} 12. Nc7 {[%emt 0:04:22]} Qf6 {[%emt 0:03:54]} 13. c3 {[%emt 0:06:40]} Rb8 {[%emt 0:00:27]} 14. Nf3 {[%emt 0:01:59]} d6 {[%emt 0:00:43]} 15. Nb5 {[%emt 0:00:58]} e5 {[%emt 0:12:01]} 16. Qg5 {[%emt 0:04:02]} d5 {[%emt 0:09:13]} 17. Qxf6 {[%emt 0:02:04]} gxf6 {[%emt 0:00:05]} 18. exd5 {[%emt 0:00:41]} a6 {[%emt 0:00:42]} 19. b4 {[%emt 0:01:13]} Be7 {[%emt 0:00:45]} 20. d6 {[%emt 0:01:34]} axb5 {[%emt 0:00:21]} 21. dxe7 {[%emt 0:00:04]} Nxe7 {[%emt 0:00:07]} 22. O-O-O {[%emt 0:02:20]} Be6 {[%emt 0:04:30]} 23. Kb2 {[%emt 0:00:55]} Bc4 {[%emt 0:05:38]} 24. Bxc4 {[%emt 0:00:23]} bxc4 {[%emt 0:00:04]} 25. Nd2 {[%emt 0:02:06]} b5 {[%emt 0:01:44]} 26. Ne4 {[%emt 0:00:14]} Rb6 {[%emt 0:00:12]} 27. Rh3 {[%emt 0:01:30]} f5 {[%emt 0:02:38]} 28. Rg3+ {[%emt 0:00:45]} Ng6 {[%emt 0:00:53]} 29. Nc5 {[%emt 0:01:13]} Re8 {[%emt 0:04:53]} 30. Rg5 {[%emt 0:00:20]} Rf6 {[%emt 0:00:48]} 31. Nd7 {[%emt 0:01:18]} Ra6 {[%emt 0:00:17]} 32. Rxf5 {[%emt 0:00:19]} Rea8 {[%emt 0:00:30]} 33. Nf6+ {[%emt 0:00:21]} Kg7 {[%emt 0:01:18]} 34. Nxh5+ {[%emt 0:00:29]} Kh6 {[%emt 0:00:08]} 35. Ra1 {[%emt 0:01:42]} Rd6 {[%emt 0:00:43]} 36. Kc2 {[%emt 0:00:54]} Rad8 {[%emt 0:00:53]} 37. Re1 {[%emt 0:00:19]} Rd2+ {[%emt 0:00:49]} 38. Kb1 {[%emt 0:00:11]} Ra8 {[%emt 0:00:38]} 39. Ng3 {[%emt 0:01:11]} Rdxa2 {[%emt 0:01:39]} 40. Rh5+ {[%emt 0:00:31]} Kg7 {[%emt 0:00:06]} 0-1

[Event "23rd OIBM 2019"]
[Site "Gmund am Tegernsee"]
[Date "2019.10.27"]
[Round "2.6"]
[White "Santos Latasa, Jaime"]
[Black "Ludvik, Tomas"]
[Result "1/2-1/2"]
[WhiteElo "2580"]
[BlackElo "2305"]
[Annotator "TA"]
[PlyCount "190"]
[EventDate "2019.10.17"]
[EventType "swiss"]
[EventCountry "GER"]
[SourceTitle "playchess.com"]
[Source "ChessBase"]
[SourceQuality "1"]

{[%evp 20,190,32,33,30,35,40,37,28,21,42,46,60,55,110,108,58,19,10,0,7,7,7,7,7,0,3,0,13,0,109,108,108,108,111,111,104,104,108,104,104,104,104,104,104,104,143,104,104,104,104,104,104,104,104,104,104,104,104,104,104,104,104,104,104,104,121,104,104,104,104,104,104,104,104,104,104,104,104,104,104,104,104,104,104,104,104,104,104,104,104,104,104,104,104,104,104,68,68,68,68,68,68,68,90,90,90,90,90,90,90,90,90,90,90,90,90,90,90,90,90,90,90,90,90,90,90,90,90,90,90,90,90,0,90,90,90,90,90,8,74,8,8,8,8,8,8,8,8,8,8,8,8,8,8,8,8,0,8,0,8,0,8,0,0,0,0,0,0,0,0,0,0]} 1. e4 e6 2. d4 d5 3. Nd2 c5 4. exd5 Qxd5 5. Ngf3 cxd4 6. Bc4 Qd6 7. O-O Nf6 8. Nb3 Nc6 9. Nbxd4 Nxd4 10. Nxd4 Bd7 11. b3 Be7 {C07: French Tarrasch: 3...c5, 4 Ngf3 and 4 exd5 Qxd5} (11... a6 12. Bb2 b5 13. Qf3 Rc8 14. Bd3 Be7 15. Rad1 Qc5 16. Rfe1 O-O 17. Qh3 Rfd8 18. Nf3 Qh5 19. Qg3 Qg4 20. Qe5 Bc6 21. h3 {½-½ (21) Antipov,M (2626)-Stojanovic,M (2486) Biel 2018}) 12. Bb2 O-O 13. Qe2 Rfe8 {White is slightly better.} 14. Nf3 $146 ({Predecessor:} 14. Rad1 Qb6 15. Nf3 Red8 16. Ne5 Be8 17. Bd3 Qc7 18. c4 a5 {½-½ (47) Nakar,E (2441)-Bajarani,U (2515) Irving 2019}) 14... Bc6 15. Ne5 Bd5 16. Bd3 b6 ({Black should try} 16... Rad8 $14) 17. Rad1 $16 Qc7 18. Rfe1 Rad8 19. h3 Bb4 20. Ng4 Nxg4 $1 21. Qxg4 {[%csl Gb2][%cal Rg4g7][%mdl 64] Double Attack} ({Much weaker is} 21. hxg4 Bxe1 22. Rxe1 Bb7 $17) 21... Bc3 22. Bxc3 Qxc3 23. Qg3 Qc8 24. Re3 Qb7 (24... Bc6 $11) 25. c4 $36 {[%mdl 2048] aiming for Qh4. Keeping Black busy.} Bc6 {[#]} 26. Bxh7+ $1 {[%mdl 512]} Kf8 (26... Kxh7 27. Qh4+) 27. Red3 Qe7 28. Rxd8 Rxd8 29. Rxd8+ Qxd8 30. Qd3 Qxd3 31. Bxd3 {[%mdl 4096] Endgame KB-KB} Ke7 32. f4 a5 33. a3 Kd6 {[#]} 34. b4 $1 axb4 35. axb4 e5 {[#]} 36. g3 $1 f6 37. h4 Bb7 38. Kf2 exf4 39. gxf4 Bc6 40. Ke3 Bd7 41. Kd4 Be6 42. Bg6 Bg8 43. Be4 Bf7 44. c5+ bxc5+ 45. bxc5+ Kc7 46. Bd5 Bg6 47. Kc4 Bf5 48. Bf7 Bb1 {Strongly threatening ...Ba2+.} 49. Kd4 Kc6 50. Be8+ Kc7 51. Bb5 Bg6 52. Bd3 Bf7 53. Be4 Ba2 54. Ke3 Bb3 55. Kf2 Bd1 56. Kg3 Bh5 57. Bf3 Bf7 58. h5 Be6 59. Be4 Bf7 60. Kh4 Kd7 61. Kg4 Ke6 62. Bg6 Bg8 63. Bc2 {Hoping for Bb3+.} Kd7 64. Ba4+ Ke7 65. h6 gxh6 66. Kh5 Be6 67. Kxh6 Kf7 68. Bc6 Bg4 69. Bd5+ Ke7 70. Kg6 Bc8 71. Be4 Ba6 72. Bf5 Bb7 73. Kg7 Bc6 74. Bc8 Bd5 75. Kg6 Be4+ 76. Bf5 (76. Kh6 $16) 76... Bc6 (76... Bb7 $1 $11 {remains equal.}) 77. Bd3 Bd5 78. Bb5 Be4+ 79. f5 (79. Kg7 $16) 79... Bb7 (79... Bg2 $11) 80. c6 ({Better is} 80. Kh5 $16 {And now c6 would win.} Bf3+ 81. Kh4) 80... Bc8 $11 {The position is equal.} 81. Ba4 Ba6 82. Bb3 {Black must now prevent Be6.} Bb5 83. Bd5 Bd3 84. Be6 {Threatening mate with c7.} Kd6 85. Bd7 Ke7 86. Bc8 Kd6 87. Bb7 Ke5 $1 88. Bc8 Kd6 89. Bd7 Ke7 90. Be6 {Intending c7 and mate.} Kd6 91. Bd5 Kxd5 92. c7 Ba6 {( -> ...Ke5)} 93. Kxf6 {Kg7 would kill now.} Kd6 94. Kg7 {f6 is the strong threat.} Kxc7 95. f6 {Threatens to win with f7.} Bc4 {Accuracy: White = 72%, Black = 67%.} 1/2-1/2

[Event "23rd OIBM 2019"]
[Site "Gmund am Tegernsee"]
[Date "2019.10.27"]
[Round "2.7"]
[White "Koelle, Tobias"]
[Black "Peralta, Fernando"]
[Result "0-1"]
[WhiteElo "2281"]
[BlackElo "2569"]
[Annotator "ChessBase"]
[PlyCount "84"]
[EventDate "2019.10.17"]
[EventType "swiss"]
[EventCountry "GER"]
[SourceTitle "playchess.com"]
[Source "ChessBase"]
[SourceQuality "1"]
[TimeControl "40/5400+30:1800+30"]

1. d4 {[%emt 0:00:00]} Nf6 {[%emt 0:05:37]} 2. c4 {[%emt 0:00:00]} e6 {[%emt 0:00:07]} 3. g3 {[%emt 0:00:00]} d5 {[%emt 0:01:37]} 4. Nf3 {[%emt 0:00:00]} Be7 {[%emt 0:01:23]} 5. Bg2 {[%emt 0:00:09]} O-O {[%emt 0:00:05]} 6. O-O {[%emt 0:00:18]} c6 {[%emt 0:00:04]} 7. Qc2 {[%emt 0:00:49]} b6 {[%emt 0:00:31]} 8. Rd1 {[%emt 0:02:48]} Nbd7 {[%emt 0:04:41]} 9. Bf4 {[%emt 0:03:08]} Ba6 {[%emt 0:00:53]} 10. cxd5 {[%emt 0:10:57]} Nxd5 {[%emt 0:01:42]} 11. Nc3 {[%emt 0:17:38]} Rc8 {[%emt 0:02:48]} 12. Rac1 {[%emt 0:10:07]} Nxf4 {[%emt 0:06:28]} 13. gxf4 {[%emt 0:01:08]} Bb7 {[%emt 0:00:42]} 14. Ne5 {[%emt 0:03:00]} Nb8 {[%emt 0:30:10]} 15. f5 {[%emt 0:07:31]} exf5 {[%emt 0:02:46]} 16. Qxf5 {[%emt 0:00:22]} g6 {[%emt 0:01:46]} 17. Qh3 {[%emt 0:02:00]} Rc7 {[%emt 0:01:17]} 18. Rd2 {[%emt 0:07:38]} Bf6 {[%emt 0:05:32]} 19. Rcd1 {[%emt 0:01:24]} Bg7 {[%emt 0:01:57]} 20. Qg3 {[%emt 0:06:03]} Nd7 {[%emt 0:03:43]} 21. Ne4 {[%emt 0:05:13]} Nf6 {[%emt 0:01:15]} 22. Nxf6+ {[%emt 0:02:44]} Bxf6 {[%emt 0:00:19]} 23. Qb3 {[%emt 0:04:10]} Qc8 {[%emt 0:04:21]} 24. f4 {[%emt 0:04:43]} Bg7 {[%emt 0:03:07]} 25. e4 {[%emt 0:00:44]} Re8 {[%emt 0:05:31]} 26. Nc4 {[%emt 0:02:11]} Bf8 {[%emt 0:07:46]} 27. e5 {[%emt 0:00:24]} Qd8 {[%emt 0:01:35]} 28. Qg3 {[%emt 0:01:52]} Bb4 {[%emt 0:02:15]} 29. Rd3 {[%emt 0:00:36]} Ba6 {[%emt 0:01:32]} 30. b3 {[%emt 0:00:06]} Kh8 {[%emt 0:00:24]} 31. Be4 {[%emt 0:02:08]} Qe7 {[%emt 0:00:48]} 32. Qg2 {[%emt 0:00:36]} Qe6 {[%emt 0:01:19]} 33. Rc1 {[%emt 0:04:05]} Rd8 {[%emt 0:00:46]} 34. Qf2 {[%emt 0:01:14]} f5 {[%emt 0:00:58]} 35. Bg2 {[%emt 0:00:45]} Rcd7 {[%emt 0:00:21]} 36. Rcd1 {[%emt 0:00:15]} Bxc4 {[%emt 0:00:43]} 37. bxc4 {[%emt 0:00:01]} Qxc4 {[%emt 0:00:12]} 38. Kh1 {[%emt 0:00:31]} Bc5 {[%emt 0:01:19]} 39. e6 {[%emt 0:00:41]} Qxe6 {[%emt 0:00:29]} 40. Bf3 {[%emt 0:01:07]} Qf6 {[%emt 0:00:31]} 41. Kg2 {[%emt 0:02:52]} Bxd4 {[%emt 0:03:21]} 42. Qc2 {[%emt 0:00:25]} c5 {[%emt 0:00:11]} 0-1

[Event "23rd OIBM 2019"]
[Site "Gmund am Tegernsee"]
[Date "2019.10.27"]
[Round "2.8"]
[White "Idani, Pouya"]
[Black "Dobrikov, Marco"]
[Result "1-0"]
[WhiteElo "2568"]
[BlackElo "2291"]
[Annotator "ChessBase"]
[PlyCount "87"]
[EventDate "2019.10.17"]
[EventType "swiss"]
[EventCountry "GER"]
[SourceTitle "playchess.com"]
[Source "ChessBase"]
[SourceQuality "1"]
[TimeControl "40/5400+30:1800+30"]

1. e4 {[%emt 0:04:14]} c5 {[%emt 0:00:00]} 2. Nf3 {[%emt 0:00:04]} d6 {[%emt 0:00:00]} 3. d4 {[%emt 0:00:05]} cxd4 {[%emt 0:00:00]} 4. Qxd4 {[%emt 0:00:06]} e5 {[%emt 0:13:56]} 5. Bb5+ {[%emt 0:01:58]} Nd7 {[%emt 0:00:27]} 6. Qe3 {[%emt 0:03:55]} Ngf6 {[%emt 0:01:01]} 7. O-O {[%emt 0:00:18]} a6 {[%emt 0:00:49]} 8. Be2 {[%emt 0:00:12]} Be7 {[%emt 0:01:21]} 9. c4 {[%emt 0:00:15]} O-O {[%emt 0:00:28]} 10. Nc3 {[%emt 0:00:05]} b6 {[%emt 0:06:13]} 11. Rd1 {[%emt 0:05:01]} Bb7 {[%emt 0:03:47]} 12. b3 {[%emt 0:01:50]} Nc5 {[%emt 0:01:38]} 13. Bd3 {[%emt 0:04:53]} Qc7 {[%emt 0:03:48]} 14. Bb2 {[%emt 0:02:37]} Rac8 {[%emt 0:02:37]} 15. Bc2 {[%emt 0:04:43]} Ne6 {[%emt 0:02:23]} 16. a4 {[%emt 0:03:14]} Bc6 {[%emt 0:11:02]} 17. Rd2 {[%emt 0:06:41]} a5 {[%emt 0:01:02]} 18. Rad1 {[%emt 0:04:03]} Nc5 {[%emt 0:01:34]} 19. Ba3 {[%emt 0:03:36]} Qb7 {[%emt 0:02:31]} 20. Re2 {[%emt 0:02:46]} Ng4 {[%emt 0:07:06]} 21. Qd2 {[%emt 0:01:03]} Nf6 {[%emt 0:03:40]} 22. Qe1 {[%emt 0:01:23]} Bd7 {[%emt 0:02:05]} 23. h3 {[%emt 0:02:32]} Bc6 {[%emt 0:00:48]} 24. Bc1 {[%emt 0:07:17]} h6 {[%emt 0:01:04]} 25. Nh4 {[%emt 0:04:08]} Rfd8 {[%emt 0:04:25]} 26. Nf5 {[%emt 0:00:37]} Bf8 {[%emt 0:00:01]} 27. f3 {[%emt 0:02:24]} Kh7 {[%emt 0:07:10]} 28. Nd5 {[%emt 0:04:23]} Bxd5 {[%emt 0:00:11]} 29. exd5 {[%emt 0:00:07]} g6 {[%emt 0:00:06]} 30. Ng3 {[%emt 0:07:55]} Re8 {[%emt 0:02:30]} 31. h4 {[%emt 0:01:24]} Bg7 {[%emt 0:01:04]} 32. h5 {[%emt 0:01:37]} Qd7 {[%emt 0:01:27]} 33. Ba3 {[%emt 0:03:55]} e4 {[%emt 0:05:05]} 34. hxg6+ {[%emt 0:00:36]} fxg6 {[%emt 0:00:02]} 35. Bxc5 {[%emt 0:02:14]} exf3 {[%emt 0:01:17]} 36. Rxe8 {[%emt 0:02:27]} Rxe8 {[%emt 0:00:01]} 37. Be3 {[%emt 0:00:12]} f2+ {[%emt 0:01:46]} 38. Qxf2 {[%emt 0:00:16]} Ng4 {[%emt 0:00:12]} 39. Bxg6+ {[%emt 0:00:59]} Kxg6 {[%emt 0:00:02]} 40. Qc2+ {[%emt 0:00:11]} Kf7 {[%emt 0:00:03]} 41. Bxb6 {[%emt 0:32:40]} Kg8 {[%emt 0:30:06]} 42. Qf5 {[%emt 0:05:14]} Qxf5 {[%emt 0:02:10]} 43. Nxf5 {[%emt 0:00:12]} Rb8 {[%emt 0:00:03]} 44. Bd4 {[%emt 0:01:30]} 1-0

[Event "23rd OIBM 2019"]
[Site "Gmund am Tegernsee"]
[Date "2019.10.27"]
[Round "2.9"]
[White "de Francesco, Klaus"]
[Black "Bernadskiy, Vitaliy"]
[Result "0-1"]
[WhiteElo "2276"]
[BlackElo "2554"]
[Annotator "ChessBase"]
[PlyCount "64"]
[EventDate "2019.10.17"]
[EventType "swiss"]
[EventCountry "GER"]
[SourceTitle "playchess.com"]
[Source "ChessBase"]
[SourceQuality "1"]
[TimeControl "40/5400+30:1800+30"]

1. d4 {[%emt 0:00:00]} f5 {[%emt 0:00:00]} 2. g3 {[%emt 0:01:11]} Nf6 {[%emt 0:00:00]} 3. Bg2 {[%emt 0:00:12]} g6 {[%emt 0:00:08]} 4. Nf3 {[%emt 0:00:24]} Bg7 {[%emt 0:00:10]} 5. O-O {[%emt 0:00:19]} O-O {[%emt 0:00:04]} 6. c4 {[%emt 0:00:15]} b6 {[%emt 0:00:50]} 7. Nc3 {[%emt 0:01:13]} Bb7 {[%emt 0:00:04]} 8. d5 {[%emt 0:02:27]} Na6 {[%emt 0:00:28]} 9. Nd4 {[%emt 0:01:51]} Nc5 {[%emt 0:00:29]} 10. b4 {[%emt 0:07:41]} Nce4 {[%emt 0:00:10]} 11. Nxe4 {[%emt 0:01:33]} Nxe4 {[%emt 0:00:50]} 12. Be3 {[%emt 0:00:58]} e5 {[%emt 0:04:53]} 13. Nb3 {[%emt 0:08:19]} Nf6 {[%emt 0:03:25]} 14. c5 {[%emt 0:06:51]} e4 {[%emt 0:03:20]} 15. d6 {[%emt 0:02:11]} cxd6 {[%emt 0:00:26]} 16. cxb6 {[%emt 0:00:40]} Nd5 {[%emt 0:00:54]} 17. Bd4 {[%emt 0:02:52]} axb6 {[%emt 0:01:48]} 18. f3 {[%emt 0:02:58]} Qe7 {[%emt 0:02:26]} 19. a4 {[%emt 0:07:26]} Ne3 {[%emt 0:07:24]} 20. Bxe3 {[%emt 0:01:32]} exf3 {[%emt 0:00:17]} 21. Bxf3 {[%emt 0:01:44]} Qxe3+ {[%emt 0:00:13]} 22. Kg2 {[%emt 0:00:25]} Bxf3+ {[%emt 0:00:08]} 23. Rxf3 {[%emt 0:00:12]} Qe4 {[%emt 0:00:03]} 24. Rc1 {[%emt 0:04:58]} Rfe8 {[%emt 0:02:26]} 25. Qxd6 {[%emt 0:03:23]} Qxe2+ {[%emt 0:01:17]} 26. Rf2 {[%emt 0:00:05]} Qe4+ {[%emt 0:00:02]} 27. Kg1 {[%emt 0:00:52]} Bh6 {[%emt 0:00:25]} 28. Nd2 {[%emt 0:00:19]} Qe6 {[%emt 0:00:21]} 29. Qxe6+ {[%emt 0:00:40]} dxe6 {[%emt 0:00:04]} 30. Re2 {[%emt 0:00:30]} Rxa4 {[%emt 0:00:15]} 31. Rc6 {[%emt 0:00:23]} Ra2 {[%emt 0:01:53]} 32. Rd6 {[%emt 0:00:13]} Rc8 {[%emt 0:00:09]} 0-1

[Event "23rd OIBM 2019"]
[Site "Gmund am Tegernsee"]
[Date "2019.10.27"]
[Round "2.10"]
[White "Mons, Leon"]
[Black "Markmann, Ulrich"]
[Result "1-0"]
[WhiteElo "2552"]
[BlackElo "2279"]
[Annotator "ChessBase"]
[PlyCount "63"]
[EventDate "2019.10.17"]
[EventType "swiss"]
[EventCountry "GER"]
[SourceTitle "playchess.com"]
[Source "ChessBase"]
[SourceQuality "1"]
[TimeControl "40/5400+30:1800+30"]

1. e4 {[%emt 0:03:12]} d6 {[%emt 0:00:00]} 2. d4 {[%emt 0:00:07]} Nf6 {[%emt 0:00:00]} 3. Nc3 {[%emt 0:00:28]} e5 {[%emt 0:00:02]} 4. Nf3 {[%emt 0:00:30]} Nbd7 {[%emt 0:00:11]} 5. Bc4 {[%emt 0:00:38]} Be7 {[%emt 0:00:13]} 6. a4 {[%emt 0:00:48]} O-O {[%emt 0:02:03]} 7. O-O {[%emt 0:01:20]} c6 {[%emt 0:01:21]} 8. a5 {[%emt 0:07:08]} Nxe4 {[%emt 0:21:08]} 9. Nxe4 {[%emt 0:00:37]} d5 {[%emt 0:00:05]} 10. Re1 {[%emt 0:18:07]} exd4 {[%emt 0:15:04]} 11. Bxd5 {[%emt 0:11:32]} cxd5 {[%emt 0:00:09]} 12. Ng3 {[%emt 0:00:09]} Nb8 {[%emt 0:18:55]} 13. Nxd4 {[%emt 0:05:41]} Nc6 {[%emt 0:00:43]} 14. Nh5 {[%emt 0:10:36]} g6 {[%emt 0:17:49]} 15. Nf4 {[%emt 0:12:31]} Bf6 {[%emt 0:00:15]} 16. Be3 {[%emt 0:06:55]} Nxa5 {[%emt 0:02:44]} 17. b3 {[%emt 0:01:19]} b6 {[%emt 0:04:47]} 18. Qf3 {[%emt 0:04:58]} Bb7 {[%emt 0:00:02]} 19. Rad1 {[%emt 0:00:06]} Rc8 {[%emt 0:00:09]} 20. Qg4 {[%emt 0:02:25]} Bg7 {[%emt 0:00:34]} 21. c4 {[%emt 0:01:00]} Bxd4 {[%emt 0:05:53]} 22. Bxd4 {[%emt 0:01:01]} Nxb3 {[%emt 0:00:02]} 23. Bb2 {[%emt 0:02:05]} Rxc4 {[%emt 0:00:02]} 24. Qg3 {[%emt 0:00:45]} Nc5 {[%emt 0:05:34]} 25. Bd4 {[%emt 0:04:35]} Ne4 {[%emt 0:01:20]} 26. Qe3 {[%emt 0:01:18]} Qg5 {[%emt 0:00:51]} 27. f3 {[%emt 0:01:03]} Nd6 {[%emt 0:00:22]} 28. h4 {[%emt 0:00:42]} Qxh4 {[%emt 0:00:51]} 29. Qe5 {[%emt 0:01:09]} Rxd4 {[%emt 0:00:06]} 30. Rxd4 {[%emt 0:00:44]} Ne4 {[%emt 0:00:30]} 31. Nd3 {[%emt 0:00:48]} Ba6 {[%emt 0:01:32]} 32. fxe4 {[%emt 0:00:32]} 1-0